| 000 | 00000cam 2200000zi 4500 |
| 001 | 9.962776 |
| 003 | CaOODSP |
| 005 | 20260514100246 |
| 006 | m o d f |
| 007 | cr mn||||||||| |
| 008 | 260513e199103##onca ob f000 0 fre d |
| 020 | |a0662967402 |q(imprimé) |
| 040 | |aCaOODSP|bfre|erda|cCaOODSP |
| 043 | |an-cn--- |
| 086 | 1 |aC2-152/1991F-PDF|zC2-152/1991F |
| 100 | 1 |aSzibbo, Alec R., |eauteur. |
| 245 | 12|aL'acquisition ou la fourniture de technologie : |bguide à l'intention des entreprises canadiennes. |
| 250 | |aÉdition révisée (mars 1991). |
| 264 | 1|a[Ottawa] : |bIndustrie, sciences et technologie Canada = Industry, Science and Technology Canada, |cmars 1991. |
| 264 | 4|c©1991 |
| 300 | |a1 ressource en ligne (x, 122 pages) : |billustrations |
| 336 | |atexte|btxt|2rdacontent/fre |
| 337 | |ainformatique|bc|2rdamedia/fre |
| 338 | |aressource en ligne|bcr|2rdacarrier/fre |
| 500 | |aPublié aussi en anglais sous le titre : Supplying or acquiring technology: a Canadian business guide. |
| 500 | |a« PU 0137-90-02 » -- Verso de la page de titre. |
| 500 | |a« Alec R. Szibbo, … est l'auteur du guide et de sa mise à jour, … » -- Préface. |
| 500 | |aÉdition numérisée de l'imprimé [par Innovation, sciences et développement économique Canada]. |
| 504 | |aComprend des références bibliographiques (pages 119-122). |
| 650 | 6|aTransfert de technologie|zCanada. |
| 650 | 6|aTransfert de technologie|xDroit|zCanada. |
| 650 | 6|aPropriété industrielle|zCanada. |
| 650 | 6|aPropriété intellectuelle|zCanada. |
| 710 | 1 |aCanada. |bIndustrie, sciences et technologie Canada, |eorganisme de publication. |
| 775 | 08|tSupplying or acquiring technology : |w(CaOODSP)9.872423 |
| 856 | 40|qPDF|s5.65 Mo|uhttps://publications.gc.ca/collections/collection_2026/isde-ised/c2/C2-152-1991-fra.pdf |
| 986 | |aPU 0137-90-02 |